MDQL
is popping MORE tags! Check the
thread
!
Quizzes
Events
Quiz Creation
Community
Videos
Private Events
Remove Ads
Sign In
Join for FREE
Feedback
Dark Mode
Quiz Categories
Sports
Geography
Music
Movies
Television
Just For Fun
Miscellaneous
History
Literature
Language
Science
Gaming
Entertainment
Religion
Holiday
For Kids
Quiz Lab
Recent
Popular Today
Quiz Kudos Today
Editor Picks
Curator Picks
Quizzes by...
Day
Popularity
Type
Ratings
Length
Year
Community
Subscriptions
Recent Discussions
Orange Saloon
Badges
Playlists
Quests
Create
Leaderboards
Showdown
Live 5
Trivia Bingo
Activity
Puzzle Library
Sporcle Events
Private Events
Virtual Trivia
Globe League
Become a Host
Pub Owners
SporcleCon
Opinionation
Our Games
Videos
Blog
Mobile Apps
Partnerships
Remove Ads and Go Orange
Feedback
Holiday
Halloween
Christmas
Holiday Songs
April Fools'
Thanksgiving
Valentine's Day
Easter
St Patrick's Day
National Holiday
Religious Holiday
Holiday
Halloween
Christmas
Holiday Songs
April Fools'
Thanksgiving
Valentine's Day
Easter
St Patrick's Day
National Holiday
Religious Holiday
Random Quiz
Search Sporcle
×
Quiz Lab
Quiz Lab
Holiday
Valentine's Day
Type in answers that appear in a list
Type in answers that appear in a list
Classic
Best Score? Go Orange.
Top 10 Words for Valentine's Day Stats
Can you name the Top 10 Words for Valentine's Day? (Hints available)
By
popestcyril
10m
38 Questions
102 Plays
102 Plays
102 Plays
Comments
Comments
Give Quiz Kudos
Give Quiz Kudos
-
- Ratings
hide this ad
Wrong Answers
Some wrong answers will appear in red
Some wrong answers will appear in red
Replay
Link that replays current quiz
Next Quiz
Link to next quiz in quiz playlist
You Got
0%
They Got
Avg Score
30%
Avg Friend Score
Upgrade to see
Score Distribution
Jump to the score distribution portion of the page
Score
0/38
Timer
10:00
0
Plays Today
Definition
Valentine Word
% Correct
???
100%
???
58.8%
or a gift or greeting sent on this day
B has 3 hints
???
52%
B. a sweetheart chosen or
???
51%
complimented on February 14;
???
51%
???
49%
???
38.2%
H has 3 hints
???
36.3%
???
36.3%
A has 3 hints
???
35.3%
???
35.3%
???
35.3%
or returned in kind
???
35.3%
J has 2 hints
???
31.4%
conducive to or suitable
for people in love
???
30.4%
H. not reciprocated
???
30.4%
???
30.4%
D has 3 hints
???
29.4%
E has 3 hints
???
28.4%
Definition
Valentine Word
% Correct
???
28.4%
J. darling; one who is loved
???
27.5%
???
26.5%
???
25.5%
A. marked by expressions
of love or affection;
???
23.5%
an agent that arouses or is
held to arouse sexual desire
???
23.5%
E. something that excites;
???
20.6%
F has 3 hints
???
20.6%
love or admiration
???
20.6%
G. lover, especially a man who is a promiscuous and unscrupulous lover
???
18.6%
young man
???
17.6%
G has 2 hints
???
17.6%
D. a very handsome
???
15.7%
I has 3 hints
???
13.7%
mawkish; unpleasantly sweet
???
11.8%
F. foolish or extravagant
???
10.8%
I. overly sentimental;
???
10.8%
C. a usually illicit love affair
???
8.8%
C has 2 hints
???
7.8%
Quiz Playlist
Details
Report
Send in Message
Add To Playlist
Classic:
Type in answers that appear in a list
Wrong Answers:
Some wrong answers will appear in red
Quiz Source
Last Updated: Feb 16, 2017
Quiz Scoreboard
CHALLENGE
Sign Up to Join the Scoreboard
Show All
Scores
Hide
Comments
May contain spoilers
Recently Published
5x2 Blitz: Bands
by SL_Kpop136
Music
30s
Colored Red Africa Blitz
by spor1
Geography
30s
Find the 'City' Movie
by crazypaving
Movies
60s
More to Explore
Quiz From the Vault
Featured Blog Post
14 Easter Pick-up Lines to Find Eggs With
hide this ad
You Might Also Like...
Tags
Valentine's Day Quiz
Love
Today's Top Quizzes in Holiday
Browse Holiday
hide this ad
Today's Top Quizzes in Valentine's Day
Browse Valentine's Day
Top Contributed Quizzes in Holiday
1
Pick the Easter Eggs hidden in the Garden
2
New Year’s Party Puzzle
3
5-to-1: Thanksgiving
4
5-to-1: Holiday Songs
5
Thanksgiving Dinner by Criteria
6
April Fools' Zebra Puzzle
7
Easter Teddy Bears
8
Easter - Did You Know?
9
Christmas Pick: Easter
10
Holidays Spelling Bee
Explore More
Trending Topics
NBA
Harry Potter
Anime
Crossword
Marvel
Kpop
Disney
Pokémon
WWE
Country
NFL
The Office
Puzzle
Soccer
Song
hide this ad
More By:
popestcyril
Quiz
Plays
Rating
Category
Featured
Created
Fictional Characters by Description
113,666
4.57
Literature
Aug 8, 2013
Body Language
110,225
4.59
Language
Jun 5, 2013
Countries From Three Sites: Europe
106,641
4.36
Geography
Dec 11, 2014
Mountainous Match Game
92,537
4.51
Geography
Apr 28, 2012
Bodies of Water by Description
78,750
4.35
Geography
May 3, 2012
Go to Creator's Profile
Score Distribution
Quiz Creator Spotlight
popestcyril
Follow
Send a Message
Quizzes Created
-
Created Quiz Play Count
-
More By This Creator
Popular Quizzes Today
1
Colored Red Africa Blitz
2
Find the 'City' Movie
3
5x2 Blitz: Bands
4
Find the US States - No Outlines Minefield
5
The Countries of the World
6
Find the US States
7
US States
8
Find the Countries of Europe - No Outlines Minefield
More Holiday Quizzes
Weirdest Christmas Ornaments
Quiz Lab
Trending Quizzes
Colored Red Europe Blitz I
Colored Red Europe Blitz II
Colored Red Africa Blitz II
Colored Red Europe Blitz III
Colored Red Africa Blitz III
Recently Updated
How Do You Spell That?
pecheneg
Godzilla Movies
pecheneg
Grab Bag: 4-10 Letters
pecheneg
2024 March Madness Bracket
pecheneg
Famous TV Couples
Peacemaker
Champions League XIs: Real Madrid
pecheneg
Largest US Cities 1790-2010
pecheneg
Rides in Walt Disney World
pecheneg
Most Oscar Losses (Acting)
pecheneg
Beyoncé Albums
pecheneg
Trending Topics
Harry Potter
Disney
Marvel
Kpop
Anime
NBA
Crossword
Song
Puzzle
Country
Soccer
The Office
WWE
NFL
Pokémon
Your Account Isn't Verified!
In order to create a playlist on Sporcle, you need to verify the email address you used during registration. Go to your
Sporcle Settings
to finish the process.
Report this User
Report this user for behavior that violates our
Community Guidelines
.
Details:
Send Report
Go to the Sporcle.com Mobile Site →
Comments